000 00375cam a2200145ua 4500
041 _aeng
_h
082 _a297.63
_bWAT/MU
100 _aWatt, Montgomery.W .
245 _aMuhammad prophet and statesman /
_cW.Montgomery Watt.
_hTextual Documents
260 _a :
_bOxford University Press ,
_c1961.
300 _a250 ; .
504 _a
942 _cBK
999 _c1698
_d1698